000 00481nam a2200181Ia 4500
001 19831
003 IN-NITTTR
005 20251114233228.0
008 251113s9999||||xx |||||||||||||| ||eng||
040 _beng
040 _cIN-NITTTR
041 _aeng
082 _a519.5024658 B35B
100 _aBerenson, Mark L.
245 0 _aBasic business statistics :
_b concepts and applications /
_cBerenson, Mark L., Levine, David M.
700 _a Levine, David M.
942 _2ddc
_cBK
999 _c22465
_d22465